000 01295nab a2200205 i 4500
001 768714001
003 CO-MdFUSB
005 20240618062726.0
008 240502t1966 sp ||||| |||| 00| 0 spa d
040 _bspa
_cCO-MdFUSB
_dCO-MdFUSB
041 _aspa
100 _aMejía, Jorge,
_eautor
245 4 _aLas misiones no católicas en regiones de mayoría católica
_c/ Jorge Mejía
520 _aEntre las nuevas situaciones a las que se enfrentan la teoría y la práctica ecuménicas, el pastor es el más afectado por el título. Los obispos y párrocos en general están abiertos al diálogo. Generalmente no hay temor a colaborar en organizaciones sociales populares y la gente está abierta a compartir oraciones y experiencias litúrgicas, pero la participación activa de misioneros no católicos es una cuestión irresoluble. ¿Cómo se puede aceptar que la propia fe de los creyentes sea perturbada o, si son débiles, despertada de manera estrictamente heterodoxa?
650 0 _a Ecumenismo
_xHistoria
_91146
650 0 _aMisiones
_9154
773 0 _049450
_982572
_oR2504
_tRevista internacional de teología Concilium
_w(CO-MdFUSB)8
_x0210-1041
_gNúmero 14, (abril, 1966), páginas: 585 - 591
_qpágina: 585
942 _cANA
945 _aCatherine Arias Álvarez practicante SENA
999 _c69492
_d69492